000 00484nab a2200145Ia 4500
003 ES-SlBCS
005 20210601134621.0
008 140529s1983 xxu||||| |||| 00| 0 spa d
041 _aspa
100 1 _aGándara Feijóo, Alfonso
_9220469
245 0 0 _aLiteratura Patrística: El pensamiento social en los Padres de la Iglesia
_c Alfonso Gándara Feijóo
650 0 4 _aLiteratura Patrística
_9169607
773 0 _tAnthropos
_gvol. 4, nº. 6, 1983, págs. 154-164
_wRev38
942 _cAR
999 _c615340
_d615340